[Event "Reims - Clichy 3"]
[Site "Reims"]
[Date "2008.10.19"]
[Round "1.1"]
[White "Oudot, Jean-Baptiste"]
[Black "Rabineau, Clément"]
[Result "0-1"]
[WhiteElo "2104"]
[BlackElo "2260"]
[WhiteCountry "Reims Echec et Mat"]
[BlackCountry "Clichy Echecs 92"]
[EventDate "2008.10.19"]

1. e4 e5 2. Nf3 d6 3. d4 exd4 4. Qxd4 a6 5. Bg5 Nc6 6. Qd2 Be7 7. Nc3 Nf6
8. h3 O-O 9. O-O-O Be6 10. Kb1 Re8 11. Nh2 b5 12. f4 Na5 13. g4 h6 14. Bxf6
Bxf6 15. h4 Bxh4 16. g5 hxg5 17. f5 Nc4 18. Bxc4 Bxc4 19. Ng4 b4 20. Rxh4 bxc3
21. Qd4 gxh4 22. Rg1 Qg5 23. Nf6+ gxf6 24. Rxg5+ fxg5 25. Qf6 Rxe4 26. bxc3
Rb8+ 27. Kc1 Re1+ 28. Kd2 Rg1 29. Ke3 Re8+ 30. Kf2 Rf1+ 31. Kg2 Re2+ 32. Kh3
Rg1 33. Qd4 Reg2 34. Qxc4 Rg3+ 35. Kh2 R1g2+ 36. Kh1 Rf2 37. Qxc7 Kg7 38. Qa5
Rf1+ 39. Kh2 Rf2+ 40. Kh1 Re3 41. c4 Ree2 42. Qc3+ Kh7 43. Kg1 Rg2+ 44. Kh1
Rh2+ 45. Kg1 Reg2+ 46. Kf1 Rxc2 0-1

[Event "Reims - Clichy 3"]
[Site "Reims"]
[Date "2008.10.19"]
[Round "1.2"]
[White "Keller, Christophe"]
[Black "Camus, Bérenger"]
[Result "1/2-1/2"]
[WhiteElo "2194"]
[BlackElo "2187"]
[WhiteCountry "Clichy Echecs 92"]
[BlackCountry "Reims Echec et Mat"]
[EventDate "2008.10.19"]

1. e4 c5 2. Nc3 Nc6 3. f4 e6 4. Nf3 d5 5. Bb5 Nf6 6. Bxc6+ bxc6 7. e5 Nd7
8. d3 Ba6 9. b3 Be7 10. O-O O-O 11. Na4 c4 12. dxc4 dxc4 13. Re1 Nb6 14. Nxb6
Bc5+ 15. Be3 Bxe3+ 16. Rxe3 Qxb6 17. Qd4 c5 18. Qe4 h6 19. f5 exf5 20. Qxf5
cxb3 21. Rxb3 Qc6 22. Rd1 Rad8 23. Rxd8 Rxd8 24. h4 Bc4 25. Ra3 Be6 26. Qf4 Qb6
27. Kh2 Rd7 28. Qe3 Qb4 29. Rc3 Rc7 30. a3 Qa5 31. Rd3 Rc8 32. Qd2 Qa4 33. Rd8+
Rxd8 34. Qxd8+ Kh7 35. Qd3+ Kg8 36. Qd8+ Kh7 37. Qd3+ Kg8 1/2-1/2

[Event "Reims - Clichy 3"]
[Site "Reims"]
[Date "2008.10.19"]
[Round "1.3"]
[White "Varoquier, Romain"]
[Black "Milanovic, Dino"]
[Result "1-0"]
[WhiteElo "2075"]
[BlackElo "2172"]
[WhiteCountry "Reims Echec et Mat"]
[BlackCountry "Clichy Echecs 92"]
[EventDate "2008.10.19"]

1. e4 c5 2. c4 Nc6 3. Nc3 e6 4. g3 Nge7 5. Bg2 g6 6. Nge2 Bg7 7. a3 O-O 8. O-O
Nd4 9. Rb1 Re8 10. b4 Nxe2+ 11. Nxe2 cxb4 12. axb4 d5 13. d3 dxc4 14. dxc4 Qc7
15. Qb3 e5 16. Nc3 Be6 17. Nd5 Bxd5 18. exd5 Nf5 19. c5 a5 20. d6 Qd7 21. Be3
axb4 22. Qxb4 Nxe3 23. fxe3 Bh6 24. Bxb7 Bxe3+ 25. Kh1 Ra4 26. Qb5 Qxb5
27. Rxb5 Rc4 28. Bd5 1-0

[Event "Reims - Clichy 3"]
[Site "Reims"]
[Date "2008.10.19"]
[Round "1.4"]
[White "Barthes, Christian"]
[Black "Todorova, Maya"]
[Result "0-1"]
[WhiteElo "2103"]
[BlackElo "2020"]
[WhiteCountry "Clichy Echecs 92"]
[BlackCountry "Reims Echec et Mat"]
[EventDate "2008.10.19"]

1. d4 d5 2. c4 e6 3. Nc3 f5 4. Nf3 c6 5. cxd5 exd5 6. Bg5 Nf6 7. e3 Bd6 8. Bd3
O-O 9. Qc2 h6 10. Bxf6 Qxf6 11. O-O g5 12. Ne2 h5 13. Kh1 Be6 14. b4 Nd7
15. Rfb1 Rac8 16. a4 h4 17. Qb2 g4 18. Nd2 g3 19. f4 gxh2 20. Nf3 Kf7 21. Ng5+
Kg7 22. Nf3 Kf7 23. Ng5+ Kg7 24. Nf3 Kh6 25. Kxh2 Rg8 26. Kh1 Qg6 27. Neg1 Qg3
28. Ra2 Nf6 29. Nh3 Ng4 30. Nhg5 Rce8 31. Nxe6 Rxe6 32. Bxf5 Rxe3 33. Bxg4 Qxg4
34. Qf2 Bxf4 35. Qxh4+ Qxh4+ 36. Nxh4 Kg5 37. Nf3+ Kg4 38. b5 Rge8 39. bxc6
bxc6 40. Rc2 Ra3 41. Rxc6 Rh8+ 42. Nh2+ Bxh2 43. g3 Bxg3+ 44. Kg2 Ra2+ 45. Kg1
Bf2+ 0-1

[Event "Reims - Clichy 3"]
[Site "Reims"]
[Date "2008.10.19"]
[Round "1.5"]
[White "Billon, Olivier"]
[Black "Kramo, Sosthène"]
[Result "1/2-1/2"]
[WhiteElo "2016"]
[BlackElo "2090"]
[WhiteCountry "Reims Echec et Mat"]
[BlackCountry "Clichy Echecs 92"]
[EventDate "2008.10.19"]

1. e4 e5 2. Nf3 Nc6 3. Bb5 a6 4. Ba4 Nf6 5. O-O Be7 6. Re1 b5 7. Bb3 O-O 8. c3
d5 9. d4 dxe4 10. Nxe5 Nxe5 11. dxe5 Qxd1 12. Bxd1 Ng4 13. Rxe4 Rd8 14. Bd2 Bf5
15. Rxg4 Bxb1 16. Rxb1 Rxd2 17. Bb3 c5 18. Bd1 Rad8 19. Bf3 c4 20. Rd4 R2xd4
21. cxd4 Rxd4 22. Rd1 Bc5 23. Kf1 Rxd1+ 24. Bxd1 Bd4 25. b3 cxb3 26. Bxb3 Bxe5
27. h3 Kf8 28. Ke2 Ke7 29. Kd3 f5 30. a4 bxa4 31. Bxa4 Kd6 32. Kc4 a5 33. Bc2
Ke6 34. g4 fxg4 35. hxg4 h6 36. Ba4 Kd6 37. f3 Bf4 38. Be8 Ke5 39. Bc6 Kd6
40. Be8 Bd2 41. Kd4 Bc1 42. Bb5 Bb2+ 43. Kc4 1/2-1/2

[Event "Reims - Clichy 3"]
[Site "Reims"]
[Date "2008.10.19"]
[Round "1.6"]
[White "Ané, Cédric"]
[Black "Castanier, Carl"]
[Result "1/2-1/2"]
[WhiteElo "2054"]
[BlackElo "1969"]
[WhiteCountry "Clichy Echecs 92"]
[BlackCountry "Reims Echec et Mat"]
[EventDate "2008.10.19"]

1. e4 e5 2. Nf3 Nc6 3. Nc3 Bc5 4. Bb5 a6 5. Bxc6 dxc6 6. h3 h6 7. d3 Nf6
8. Be3 Bxe3 9. fxe3 Qe7 10. Qe2 Bd7 11. Qf2 O-O-O 12. O-O-O c5 13. g4 Bc6
14. Qg3 Rhe8 15. Rhf1 c4 16. g5 hxg5 17. Qxg5 cxd3 18. cxd3 Qe6 19. Qxg7 Rg8
20. Ng5 Rxg7 21. Nxe6 fxe6 22. Rxf6 Rg3 23. Rxe6 Rxe3 24. Rxe5 Rdxd3 25. Rxd3
Rxd3 26. h4 Kd7 27. h5 Kd6 28. Rg5 Rh3 29. e5+ Ke6 30. Ne2 Rh1+ 31. Kd2 Be8
32. Nf4+ Kd7 33. e6+ Kd6 34. Rd5+ Ke7 35. Rd3 c6 36. Rg3 b5 37. Ra3 Bxh5
38. Rxa6 Be8 39. Ke3 Rc1 40. Nd3 Rc4 41. b3 Rh4 42. Nc5 Rb4 43. a3 Rh4 44. b4
Rc4 45. Ra7+ Kf6 46. e7 Rc1 47. Ne4+ Ke6 48. Ng5+ Kd6 49. Nh7 Re1+ 50. Kd4 Bg6
51. Nf8 Re4+ 52. Kc3 Be8 53. Nh7 Rxe7 1/2-1/2

[Event "Reims - Clichy 3"]
[Site "Reims"]
[Date "2008.10.19"]
[Round "1.7"]
[White "Garcia, Gilles"]
[Black "Orozco, Rafaël"]
[Result "0-1"]
[WhiteElo "1999"]
[BlackElo "2044"]
[WhiteCountry "Reims Echec et Mat"]
[BlackCountry "Clichy Echecs 92"]
[EventDate "2008.10.19"]

1. d4 d5 2. e4 dxe4 3. Nc3 f5 4. f3 Nf6 5. Bc4 Nc6 6. Be3 e5 7. dxe5 Qxd1+
8. Rxd1 Nxe5 9. Bb3 exf3 10. gxf3 Bd7 11. Bd4 Bd6 12. Kf2 O-O-O 13. Bxa7 Nc6
14. Be3 f4 15. Bc1 Na5 16. Na4 Nxb3 17. axb3 Bxa4 18. bxa4 Bc5+ 19. Ke1 Bf2+
20. Kxf2 Rxd1 21. Bxf4 Ra1 22. b3 Rd8 23. Be3 Rdd1 24. Ke2 Nd5 0-1

[Event "Reims - Clichy 3"]
[Site "Reims"]
[Date "2008.10.19"]
[Round "1.8"]
[White "Bonvalot, Isabelle"]
[Black "Chittier, Céline"]
[Result "1-0"]
[WhiteElo "1943"]
[BlackElo "1750"]
[WhiteCountry "Clichy Echecs 92"]
[BlackCountry "Reims Echec et Mat"]
[EventDate "2008.10.19"]

1. e4 e5 2. Nc3 Bc5 3. g3 Nc6 4. Bg2 d6 5. Nge2 Nge7 6. O-O O-O 7. Na4 Bb6
8. Nxb6 axb6 9. d4 exd4 10. Nxd4 Re8 11. Be3 Ne5 12. h3 Bd7 13. f4 Nc4 14. Bc1
c5 15. Qd3 Na5 16. Nf3 d5 17. e5 Bf5 18. Qe2 Be4 19. b3 Nac6 20. Bb2 Nb4 21. a3
Nxc2 22. Rac1 Nxa3 23. Ng5 Bxg2 24. Kxg2 Qd7 25. Qh5 Qf5 26. e6 fxe6 27. Bxa3
Qg6 28. Qxg6 Nxg6 29. Bb2 Ra2 30. Rf2 h6 31. Nf3 d4 32. Re1 Ne7 33. Rxe6 b5
34. Bxd4 Rxf2+ 35. Bxf2 c4 36. bxc4 bxc4 37. Be1 Kf7 38. Re4 b5 39. Ne5+ Kf8
40. Bb4 Kg8 41. Ng6 Kf7 42. Nxe7 c3 43. Bxc3 1-0

[Event "Tours de Haute Picardie 2 - Saint-Georges"]
[Site "Reims"]
[Date "2008.10.19"]
[Round "1.1"]
[White "Derigny, Philippe"]
[Black "Corbet, Laurent"]
[Result "0-1"]
[WhiteElo "2007"]
[BlackElo "2275"]
[WhiteCountry "Tours de Haute Picardie"]
[BlackCountry "Saint-Georges"]
[EventDate "2008.10.19"]

1. e4 e5 2. Nf3 Nc6 3. d4 exd4 4. Nxd4 Bc5 5. Be3 Qf6 6. c3 Nge7 7. g3 d5
8. Bg2 dxe4 9. Nd2 Bb6 10. Nxe4 Qg6 11. O-O O-O 12. Nxc6 Nxc6 13. Bxb6 axb6
14. Qd2 Bf5 15. Qf4 Rfe8 16. Rfe1 h6 17. Nd2 Qg5 18. Qxg5 hxg5 19. Bxc6 bxc6
20. a3 f6 21. Nf1 Kf7 22. Rxe8 Rxe8 23. Ne3 Be4 24. Rd1 Re7 25. Rd2 g6 26. f4
gxf4 27. gxf4 Ke6 28. Kf2 c5 29. h4 c6 30. Kg3 b5 31. Rd8 f5 32. Rd2 c4 33. Rd4
Bd5 34. Rd2 Kd6 35. Kf2 Kc5 36. Rd4 Be4 37. Nf1 Bd3 38. Ne3 Re6 39. Kf3 Be4+
40. Kf2 Kb6 41. Rd7 c5 42. Rh7 Rd6 43. Ke2 Bd3+ 44. Kf2 Be4 45. Ke2 Re6 46. Rh6
Rc6 47. a4 Bd3+ 48. Kf3 b4 49. h5 gxh5 50. Rxh5 Ka5 51. Nxf5 Bxf5 52. Rxf5 Kxa4
53. cxb4 cxb4 54. Re5 Kb3 55. Re2 c3 56. bxc3 bxc3 57. Kg4 c2 58. Re1 c1=Q
59. Rxc1 Rxc1 60. Kf5 Kc4 61. Ke6 Re1+ 62. Kd6 Rf1 63. Ke5 Kc5 64. f5 Re1+
65. Kf6 Kd6 66. Kg7 Rg1+ 67. Kf6 Kd7 68. Kf7 Rf1 69. Kf6 Ke8 70. Ke6 Rf2
71. Kf6 Kf8 72. Ke6 Kg7 0-1

[Event "Tours de Haute Picardie 2 - Saint-Georges"]
[Site "Reims"]
[Date "2008.10.19"]
[Round "1.2"]
[White "Chevrier, Thomas"]
[Black "Godart, François"]
[Result "1/2-1/2"]
[WhiteElo "2193"]
[BlackElo "2012"]
[WhiteCountry "Saint-Georges"]
[BlackCountry "Tours de Haute Picardie"]
[EventDate "2008.10.19"]

1. e4 c6 2. d4 d5 3. Nc3 dxe4 4. Nxe4 Bf5 5. Ng3 Bg6 6. Bc4 e6 7. N1e2 Bd6
8. O-O Nd7 9. f4 Ne7 10. Bd3 Qc7 11. c4 c5 12. Bxg6 hxg6 13. Ne4 Nf6 14. Qa4+
Kf8 15. Nxd6 Qxd6 16. b3 cxd4 17. Ba3 Qb6 18. c5 Qc6 19. Qxd4 Nf5 20. Qb2 Ng4
21. Nd4 Nxd4 22. Qxd4 Rxh2 23. Qd6+ Ke8 24. Rf3 Rd8 25. Qxc6+ bxc6 26. Bb4 Rd5
27. Re1 Rdh5 28. Kf1 Rh1+ 29. Ke2 Rxe1+ 30. Kxe1 Rh1+ 31. Ke2 Ra1 32. a4 Ra2+
33. Kd1 Rxg2 34. Rd3 Nf6 35. Rd6 Nd5 36. Bd2 Rg4 37. Rxc6 Nxf4 38. Ba5 Nd5
39. Rd6 Rg3 40. Rd8+ Ke7 41. Rb8 Kd7 42. b4 Ra3 43. b5 Rxa4 44. Rb7+ Kc8
45. Rxa7 Ra1+ 46. Kd2 Rb1 47. b6 Rb5 48. Rxf7 Rxa5 49. b7+ Kb8 50. c6 Rb5
51. Rxg7 Rb6 52. Rg8+ Kc7 53. Rc8+ Kd6 54. Ke2 Ne7 55. b8=Q+ Rxb8 56. Rxb8 Kxc6
57. Kf3 Kd6 58. Ke4 Nc6 59. Rg8 Ne7 60. Rd8+ Kc7 61. Rd1 Nd5 62. Ke5 Kd7
63. Ra1 Nc7 64. Rg1 Na6 65. Rxg6 Nc5 66. Rg3 Kc6 67. Rc3 Kb6 68. Rc2 Kb5
69. Kd6 Nb3 70. Rc8 Na5 71. Kxe6 Nc4 72. Rc7 Nb6 73. Rc1 Nc4 74. Kd5 Nb6+
75. Kd4 Nd7 76. Rc2 Nb6 77. Rc7 Na4 78. Rc8 Nb6 79. Rb8 Kc6 80. Rxb6+ Kxb6
1/2-1/2

[Event "Tours de Haute Picardie 2 - Saint-Georges"]
[Site "Reims"]
[Date "2008.10.19"]
[Round "1.3"]
[White "Dumortier, Thierry"]
[Black "Lalande, Jean-Louis"]
[Result "1/2-1/2"]
[WhiteElo "1971"]
[BlackElo "2089"]
[WhiteCountry "Tours de Haute Picardie"]
[BlackCountry "Saint-Georges"]
[EventDate "2008.10.19"]

1. e4 c5 2. Nf3 g6 3. d4 cxd4 4. Nxd4 Nf6 5. Bd3 d5 6. Nc3 dxe4 7. Nxe4 Nxe4
8. Bxe4 Bg7 9. c3 O-O 10. O-O Na6 11. Be3 Nc5 12. Bc2 b6 13. Qf3 Bb7 14. Qh3
Qd5 15. Rfd1 Qc4 16. Bh6 Bxh6 17. Qxh6 Be4 18. Bxe4 Nxe4 19. Qe3 Nc5 20. Nc6
Rfe8 21. Rd4 Qe6 22. Qxe6 fxe6 23. b4 Na4 24. c4 a6 25. b5 Nc5 26. Rad1 Rac8
27. f3 Kg7 28. Kf2 Kf6 29. Rf4+ Kg7 30. Ke3 Kg8 31. Rh4 Kg7 32. Rdd4 Rc7
33. Rhg4 Rd7 34. Rxd7 Nxd7 35. Rd4 Nc5 36. h4 Kf6 37. Rf4+ Kg7 38. g4 Kg8
39. g5 Kg7 40. Rd4 Kf8 41. Rd2 Rc8 42. Kd4 Nd7 43. Ke4 Ke8 44. Rd4 Rc7 45. Ke3
Rc8 46. Rf4 Rc7 47. Kd4 Nc5 48. Ne5 Nd7 49. Nc6 1/2-1/2

[Event "Tours de Haute Picardie 2 - Saint-Georges"]
[Site "Reims"]
[Date "2008.10.19"]
[Round "1.4"]
[White "Dhieux, Francky"]
[Black "Deneuville, Ludovic"]
[Result "0-1"]
[WhiteElo "2043"]
[BlackElo "1976"]
[WhiteCountry "Saint-Georges"]
[BlackCountry "Tours de Haute Picardie"]
[EventDate "2008.10.19"]

1. d4 d6 2. e4 Nf6 3. Nc3 e5 4. dxe5 dxe5 5. Qxd8+ Kxd8 6. Bc4 Ke8 7. Bg5 Bb4
8. O-O-O c6 9. Nge2 Ke7 10. a3 Bxc3 11. Nxc3 Be6 12. Bxe6 Kxe6 13. Rd2 Nbd7
14. Rhd1 Nb6 15. b3 Ke7 16. a4 Rhd8 {sonnerie de portable} 0-1

[Event "Tours de Haute Picardie 2 - Saint-Georges"]
[Site "Reims"]
[Date "2008.10.19"]
[Round "1.5"]
[White "Godart, Michel"]
[Black "Truchot, Rémi"]
[Result "0-1"]
[WhiteElo "1829"]
[BlackElo "2040"]
[WhiteCountry "Tours de Haute Picardie"]
[BlackCountry "Saint-Georges"]
[EventDate "2008.10.19"]

1. c4 e5 2. g3 Nc6 3. Bg2 g6 4. Nc3 Bg7 5. d3 d6 6. Bd2 Be6 7. Rb1 Qd7 8. b4
Nge7 9. b5 Nd8 10. Nd5 f5 11. Bg5 Nxd5 12. cxd5 Bf7 13. Qc1 h6 14. Bd2 g5
15. h4 g4 16. e4 Rc8 17. exf5 Qxf5 18. Be4 Qf6 19. h5 O-O 20. Be3 b6 21. Rh4
Nb7 22. Rxg4 Bxh5 23. Rh4 Bg6 24. Qd2 Nc5 25. Nh3 Bxe4 26. dxe4 Qf3 27. Ng1 Qf6
28. Rb2 Rf7 29. f3 Rcf8 30. Kd1 Kh7 31. Rh3 Qg6 32. Rb4 Rxf3 33. Nxf3 Rxf3
34. Kc2 Nxe4 35. Qd3 Nf6 36. Qxg6+ Kxg6 37. Bg1 Nxd5 38. Kd2 0-1

[Event "Tours de Haute Picardie 2 - Saint-Georges"]
[Site "Reims"]
[Date "2008.10.19"]
[Round "1.6"]
[White "Meslin, Lancelot"]
[Black "Navel, Jean-Yves"]
[Result "1-0"]
[WhiteElo "1907"]
[BlackElo "1890"]
[WhiteCountry "Saint-Georges"]
[BlackCountry "Tours de Haute Picardie"]
[EventDate "2008.10.19"]

1. e4 c5 2. Nf3 Nc6 3. d4 cxd4 4. Nxd4 Nf6 5. Nc3 e5 6. Ndb5 d6 7. Nd5 Nxd5
8. exd5 Nb8 9. Be3 Be7 10. Bd3 O-O 11. O-O a6 12. Nc3 f5 13. Na4 Nd7 14. c4 f4
15. Bd2 Nf6 16. Nc3 f3 17. Qxf3 Ng4 18. Qh3 Nh6 19. Qg3 Bh4 20. Qe3 Nf5
21. Bxf5 Bxf5 22. Ne4 Rc8 23. Rac1 h6 24. Bb4 Bxe4 25. Qxe4 Rf4 26. Qg6 Rf6
27. Qg4 Bg5 28. Rc2 Kh8 29. g3 Rf8 30. Rd1 Qb6 31. Ba3 Rc7 32. Qe6 Be7 33. c5
Qa7 34. Rdd2 Rf6 35. Qg4 dxc5 36. b3 Bd6 37. Bb2 b6 38. f4 Re7 39. Qc8+ Kh7
40. Re2 exf4 41. Bxf6 gxf6 42. Qf5+ Kg7 43. gxf4 b5 44. Rg2+ Kh8 45. Qxf6+ Kh7
46. Qg6+ 1-0

[Event "Tours de Haute Picardie 2 - Saint-Georges"]
[Site "Reims"]
[Date "2008.10.19"]
[Round "1.7"]
[White "Spirta, Boris"]
[Black "Mollion, Jean-Luc"]
[Result "0-1"]
[WhiteElo "1824"]
[BlackElo "1860"]
[WhiteCountry "Tours de Haute Picardie"]
[BlackCountry "Saint-Georges"]
[EventDate "2008.10.19"]

1. e4 e5 2. Nf3 d6 3. d4 exd4 4. Nxd4 Nf6 5. Nc3 c6 6. Be2 Be7 7. O-O O-O
8. Kh1 Be6 9. f4 d5 10. f5 Bc8 11. e5 Ne4 12. Nxe4 dxe4 13. Be3 Qd5 14. f6 Bc5
15. fxg7 Rd8 16. Nf5 Bxf5 17. Bxc5 Bg6 18. Be7 Re8 19. Bf6 Nd7 20. Qxd5 cxd5
21. Rad1 Nxf6 22. exf6 Rad8 23. Rd4 Rd6 24. c4 Red8 25. c5 Rc6 26. b4 b6
27. Bb5 bxc5 28. Rxd5 Rxd5 29. Bxc6 Rd6 30. b5 e3 31. Re1 Rxf6 0-1

[Event "Tours de Haute Picardie 2 - Saint-Georges"]
[Site "Reims"]
[Date "2008.10.19"]
[Round "1.8"]
[White "Chaton, Marie-Claude"]
[Black "Colnot, Elodie"]
[Result "0-1"]
[WhiteElo "1270"]
[BlackElo "1490"]
[WhiteCountry "Saint-Georges"]
[BlackCountry "Tours de Haute Picardie"]
[EventDate "2008.10.19"]

1. e4 e5 2. Nf3 Nc6 3. Bb5 Nge7 4. O-O a6 5. Bxc6 Nxc6 6. d3 d5 7. h3 dxe4
8. dxe4 Qxd1 9. Rxd1 f5 10. Nc3 fxe4 11. Nxe4 Bf5 12. Re1 Nb4 13. Re2 Bd6
14. c3 Nd3 15. b3 Bxe4 16. Rxe4 Nc5 17. Re2 e4 18. Nd4 O-O-O 19. c4 Be5 20. Ba3
Bxd4 21. Rf1 Rhe8 22. Bxc5 Bxc5 23. Rfe1 Bb4 24. Rf1 Rd2 25. Rxd2 Bxd2 26. Rd1
e3 27. fxe3 Bxe3+ 28. Kf1 Bc5 29. Ra1 b5 30. cxb5 axb5 31. Rc1 Bd4 32. a4 bxa4
33. bxa4 c5 34. Rc4 Kb7 35. Rc1 Ra8 0-1

[Event "Limeil-Brévannes - Canal Saint-Martin"]
[Site "Limeil-Brévannes"]
[Date "2008.10.19"]
[Round "1.1"]
[White "Calistri, Tristan"]
[Black "Fillon, Damien"]
[Result "1/2-1/2"]
[WhiteElo "2361"]
[BlackElo "2095"]
[WhiteCountry "Limeil-Brévannes"]
[BlackCountry "Canal Saint-Martin"]
[EventDate "2008.10.19"]

1. e4 Nf6 2. e5 Nd5 3. d4 d6 4. Nf3 g6 5. Bc4 Nb6 6. Bb3 Bg7 7. a4 dxe5 8. a5
N6d7 9. Qe2 O-O 10. dxe5 Nc5 11. Nbd2 Nc6 12. O-O Bg4 13. Qc4 Nxb3 14. Qxb3
Nxe5 15. Nxe5 Bxe5 16. Qxb7 Be6 17. Nf3 Bd5 18. Qb5 Rb8 19. Qc5 Qd6 20. Qxd6
Bxd6 21. a6 c5 22. b3 Rfc8 23. Be3 {=} 23... Rc6 24. Ra4 Be6 25. Nd2 Rbb6
26. Rfa1 Bc8 27. Ne4 Rxa6 28. Rxa6 Bxa6 29. c4 f5 30. Nxc5 Bxc5 31. Bxc5 Bxc4
32. Rxa7 Rxc5 33. bxc4 Rxc4 34. g3 Kf7 35. h4 f4 36. Kg2 fxg3 37. fxg3 Rc6
38. Kf3 Kf6 39. Ra3 h5 40. g4 hxg4+ 41. Kxg4 Rc4+ 42. Kg3 e5 43. Rf3+ Ke6
44. Rf8 Rc1 45. Rh8 Kf5 46. h5 Rc3+ 47. Kf2 gxh5 48. Rxh5+ Ke4 49. Rh4+ Kd5
50. Ke2 Rg3 51. Ra4 e4 52. Ra8 Kd4 1/2-1/2

[Event "Limeil-Brévannes - Canal Saint-Martin"]
[Site "Limeil-Brévannes"]
[Date "2008.10.19"]
[Round "1.2"]
[White "Petitpas, Franck"]
[Black "Demagnée, Arnaud"]
[Result "1/2-1/2"]
[WhiteElo "2165"]
[BlackElo "2132"]
[WhiteCountry "Canal Saint-Martin"]
[BlackCountry "Limeil-Brévannes"]
[EventDate "2008.10.19"]

1. Nf3 d5 2. g3 Nf6 3. Bg2 g6 4. d3 Bg7 5. O-O O-O 6. Nbd2 Nc6 7. e4 e5 8. Re1
Re8 9. c3 a5 10. Qc2 b6 11. b3 Ba6 12. Bf1 Qe7 13. a3 Rad8 14. Rb1 Qd7 15. c4
dxe4 16. dxe4 Qe7 17. Bb2 Nd7 18. Rbd1 Bb7 19. Nb1 Nc5 20. Nc3 Ne6 21. Nd5 Qc5
22. Qc3 Ncd4 23. b4 axb4 24. axb4 Qd6 25. Nd2 c5 26. b5 f5 27. Bg2 Kh8 28. Ra1
Ra8 29. Qd3 Rf8 30. f3 Bh6 31. Nb3 Bg7 32. Qd1 Rxa1 33. Bxa1 fxe4 34. fxe4 Ra8
35. Bh3 Ng5 36. Bg2 Nge6 37. Bb2 Rf8 38. Bc1 Nxb3 39. Qxb3 Nd4 40. Qd3 h6
41. Rf1 Rxf1+ {=} 42. Qxf1 Kg8 43. Bh3 Qf8 44. Qxf8+ Kxf8 45. Kf2 Bxd5 46. exd5
Ke7 47. Bf1 Kf6 48. Bd3 Bf8 49. Kg2 Nf5 50. g4 Nd6 51. Kg3 g5 52. Kf2 Bg7
53. Ke1 Ke7 54. Kd1 e4 55. Be2 Ba1 56. Ke1 Kf6 57. Kf1 Ke5 58. Be3 Bd4 59. Bc1
Bc3 60. Be3 Bb2 61. Kg2 Bc3 62. h4 Nf7 63. h5 Bd4 64. Bc1 Kf6 65. Kg3 1/2-1/2

[Event "Limeil-Brévannes - Canal Saint-Martin"]
[Site "Limeil-Brévannes"]
[Date "2008.10.19"]
[Round "1.3"]
[White "Champault, Pierre-Emmanuel"]
[Black "Nuding, Matthias"]
[Result "1/2-1/2"]
[WhiteElo "2195"]
[BlackElo "2133"]
[WhiteCountry "Limeil-Brévannes"]
[BlackCountry "Canal Saint-Martin"]
[EventDate "2008.10.19"]

1. d4 e6 2. Nf3 d5 3. c4 Nf6 4. Nc3 Be7 5. Bg5 h6 6. Bh4 O-O 7. e3 Ne4 8. Bxe7
Qxe7 9. Rc1 Nxc3 10. Rxc3 c6 11. Bd3 Nd7 12. O-O dxc4 13. Bxc4 b6 14. Qe2 Bb7
15. Ba6 Bxa6 16. Qxa6 c5 17. Rfc1 Rfd8 18. b4 cxd4 19. Nxd4 Qd6 20. a3 Ne5
21. h3 Rd7 22. Rc8+ Rxc8 23. Qxc8+ Kh7 24. Qa8 Qd5 25. Rc8 Qxa8 26. Rxa8 Nc4
27. Nb5 a5 28. Rc8 Rd1+ 29. Kh2 Nd2 30. Kg3 axb4 31. axb4 Rb1 32. Nd6 Rxb4
33. Nxf7 Ne4+ 34. Kf3 Kg6 35. Ne5+ Kf5 36. Nc6 Ng5+ 37. Kg3 Rb1 38. Rf8+ Kg6
39. Ne5+ Kh7 40. Rf4 Rb5 41. Nf7 Nxf7 42. Rxf7 Kg6 43. Rf8 Rb2 44. f4 b5
45. Kf3 h5 46. g4 hxg4+ 47. hxg4 b4 48. f5+ exf5 49. gxf5+ Kg5 50. Rf7 Rc2
51. Rxg7+ Kxf5 1/2-1/2

[Event "Limeil-Brévannes - Canal Saint-Martin"]
[Site "Limeil-Brévannes"]
[Date "2008.10.19"]
[Round "1.4"]
[White "Gautier, Serge"]
[Black "Lam, Sophie"]
[Result "1/2-1/2"]
[WhiteElo "2120"]
[BlackElo "2062"]
[WhiteCountry "Canal Saint-Martin"]
[BlackCountry "Limeil-Brévannes"]
[EventDate "2008.10.19"]

1. e4 c5 2. Nf3 Nc6 3. d4 cxd4 4. Nxd4 g6 5. c4 Bg7 6. Nc2 d6 7. Be2 Nh6
8. O-O O-O 9. Nc3 f5 10. Kh1 Kh8 11. f3 f4 12. Nd5 g5 13. Rb1 Rg8 14. Qe1 e5
15. b3 g4 16. fxg4 Bxg4 17. Bf3 Bf8 18. Bb2 Bg7 19. Rd1 Qg5 20. Qf2 Rac8
21. Ba3 Bf8 22. Rd2 b6 23. Nc3 Nf7 24. Nb5 Rg6 25. Rfd1 Rd8 26. Nb4 Nxb4
27. Bxb4 Rd7 28. a4 Rh6 29. g3 Bxf3+ 30. Qxf3 Qxg3 31. Qxg3 fxg3 32. Rg1 Rxh2+
33. Rxh2 gxh2 34. Kxh2 Be7 35. Rd1 Kg7 36. c5 bxc5 37. Bxc5 a6 38. Nc3 Rb7
39. Be3 Rxb3 40. Nd5 Bg5 41. Bb6 Ra3 42. a5 Ra2+ 43. Kg3 Bd2 44. Kg4 h6 45. Kf5
Bxa5 46. Be3 Bd8 47. Rg1+ Bg5 48. Ke6 Re2 49. Rg3 a5 50. Rf3 Bf4 51. Nxf4 Ng5+
52. Kxd6 exf4 53. Bd4+ Kg6 54. Rxf4 Rxe4 55. Rf6+ Kh5 56. Kd5 Re2 57. Ra6 Nf3
58. Bg7 a4 59. Rxh6+ Kg4 60. Ra6 Ra2 61. Kc4 Ng5 62. Kb4 Ne4 1/2-1/2

[Event "Limeil-Brévannes - Canal Saint-Martin"]
[Site "Limeil-Brévannes"]
[Date "2008.10.19"]
[Round "1.5"]
[White "Guez, Fabien"]
[Black "Lemerle, Alban"]
[Result "1/2-1/2"]
[WhiteElo "2118"]
[BlackElo "2113"]
[WhiteCountry "Limeil-Brévannes"]
[BlackCountry "Canal Saint-Martin"]
[EventDate "2008.10.19"]

1. e4 e5 2. d4 Nc6 3. d5 Nce7 4. Bd3 Ng6 5. Ne2 Bc5 6. Nd2 d6 7. Nb3 Bb6
8. Bb5+ Bd7 9. Bxd7+ Qxd7 10. Ng3 Nf6 11. O-O Qg4 12. Qxg4 Nxg4 13. a4 a6
14. Nf5 O-O 15. g3 Rae8 16. Kg2 Ne7 17. Nxe7+ Rxe7 18. h3 Nxf2 19. Rxf2 Bxf2
20. Kxf2 f5 21. exf5 Rxf5+ 22. Ke2 c6 23. dxc6 bxc6 24. Be3 Re6 25. g4 Rf8
26. Rd1 Rb8 27. a5 Kf7 28. Bb6 Rb7 29. Rd3 Ke7 30. c4 c5 31. Nd2 Rd7 32. Ne4
Rg6 33. b3 h6 34. Ng3 Rf6 35. Ke3 g6 36. Rd1 Rf4 37. Rf1 Rxf1 38. Nxf1 Ke6
39. Nd2 Rf7 40. Ne4 Kd7 41. Nd2 Kc6 42. Nf3 g5 43. Bd8 Rf8 44. Bb6 Rf7 45. Bd8
Rf8 46. Bb6 Rf7 1/2-1/2

[Event "Limeil-Brévannes - Canal Saint-Martin"]
[Site "Limeil-Brévannes"]
[Date "2008.10.19"]
[Round "1.6"]
[White "Bellardi, Michel"]
[Black "Thély, Ludovic"]
[Result "0-1"]
[WhiteElo "2058"]
[BlackElo "2133"]
[WhiteCountry "Canal Saint-Martin"]
[BlackCountry "Limeil-Brévannes"]
[EventDate "2008.10.19"]

1. e4 Nf6 2. e5 Nd5 3. d4 d6 4. c4 Nb6 5. f4 dxe5 6. fxe5 c5 7. d5 e6 8. Nc3
exd5 9. cxd5 c4 10. Be3 Bb4 11. Bxb6 Qxb6 12. Qd2 Nd7 13. e6 fxe6 14. Bxc4 Nf6
15. Qe2 O-O 16. dxe6 Re8 17. e7+ Kh8 18. O-O-O Bg4 19. Nf3 Rxe7 20. Qd2 Re3
21. Qc2 Rxc3 22. bxc3 Ba3+ 23. Kd2 Qf2+ 0-1

[Event "Limeil-Brévannes - Canal Saint-Martin"]
[Site "Limeil-Brévannes"]
[Date "2008.10.19"]
[Round "1.7"]
[White "Lepape, Valéry"]
[Black "Ayral, Vincent"]
[Result "1-0"]
[WhiteElo "2015"]
[BlackElo "1998"]
[WhiteCountry "Limeil-Brévannes"]
[BlackCountry "Canal Saint-Martin"]
[EventDate "2008.10.19"]

1. d4 Nf6 2. c4 g6 3. Nc3 Bg7 4. e4 d6 5. Be2 O-O 6. f4 c5 7. Nf3 cxd4 8. Nxd4
Nc6 9. Be3 e5 10. Nxc6 bxc6 11. fxe5 dxe5 12. O-O Qc7 13. Rc1 Be6 14. Kh1 Rfd8
15. Qe1 Ne8 16. Qh4 Qb7 17. b3 Qb4 18. Na4 Bf8 19. Qf2 f6 20. Nc5 Bf7 21. Nd3
Qa5 22. c5 Qxa2 23. Nxe5 Bxb3 24. Nxc6 Rdc8 25. Ra1 Qc2 26. Nd4 Qc3 27. Rfc1
Qb4 28. Nxb3 1-0

[Event "Lutèce Echecs 2 - Meaux Beauval"]
[Site "Lutèce Echecs"]
[Date "2008.10.19"]
[Round "1.1"]
[White "Maléki, Nicolas"]
[Black "Shchekachev, Andrei"]
[Result "0-1"]
[WhiteElo "2198"]
[BlackElo "2533"]
[WhiteCountry "Lutèce Echecs"]
[BlackCountry "Meaux Beauval"]
[EventDate "2008.10.19"]

1. e4 c5 2. Nf3 e6 3. d4 cxd4 4. Nxd4 a6 5. c4 Nf6 6. Nc3 Bb4 7. Bd3 Nc6 8. a3
Bxc3+ 9. bxc3 Qa5 10. Bd2 Ne5 11. Qe2 d6 12. O-O O-O 13. f4 Nxd3 14. Qxd3 e5
15. fxe5 Qxe5 16. Rae1 Re8 17. Bf4 Qc5 18. Kh1 Be6 19. Nxe6 Rxe6 20. Be3 Qc6
21. Bd4 Nxe4 22. Qf3 f6 23. Qg4 Rae8 24. Kg1 Qxc4 25. Bxf6 Rxf6 26. Rxf6 Qc5+
0-1